| 000 | 00464 a2200169 4500 | ||
|---|---|---|---|
| 003 | OSt | ||
| 005 | 20231214100213.0 | ||
| 008 | 231213b |||||||| |||| 00| 0 eng d | ||
| 040 | _coclc | ||
| 082 |
_a894.8123 _bCHA/I |
||
| 100 |
_aChandumenon, O. _910111 |
||
| 245 |
_aIndulekha / _cO. Chandumenon |
||
| 250 | _a1st ed. | ||
| 260 |
_aKozhikode: _bedumart, _c2022. |
||
| 300 | _a240p. | ||
| 942 |
_2ddc _cBK _h894.8123 _iCHA/I _k894.8123 _mCHA/I |
||
| 999 |
_c44102 _d44102 |
||